| 000 | 01381cam a2200385 a 4500 | ||
|---|---|---|---|
| 001 | 36516246 | ||
| 003 | OCoLC | ||
| 005 | 20230917200544.0 | ||
| 008 | 970310s1996 sp a j 000 1 spa d | ||
| 020 | _a8424668049 | ||
| 020 | _a9788424668044 | ||
| 040 |
_aCS1 _beng _cCS1 _dOCL _dYOL |
||
| 041 | 1 |
_aspa _hfre |
|
| 092 | _aSP E BOU | ||
| 100 | 1 | _aBourgoing, Pascale de. | |
| 245 | 1 | 0 |
_aMis juguetes favoritos / _cPascale de Bourgoing, Susan Varley ; [traduccion, Susanna Esquerdo]. |
| 250 | _a1a ed. | ||
| 260 |
_a[Barcelona] : _bLa Galera, _c1996. |
||
| 300 |
_a1 volume (unpaged) _bchiefly color illustrations ; _c21 cm. |
||
| 336 |
_atext _btxt _2rdacontent. |
||
| 337 |
_aunmediated _bn _2rdamedia. |
||
| 338 |
_avolume _bnc _2rdacarrier. |
||
| 490 | 1 |
_aA traves de la ventana ; _v4. |
|
| 500 | _aTranslation of: Mes jouets preferes. | ||
| 520 | _aNin©Ư loves toys with wheels, those that fly and those that make music. These are her five favorite toys. | ||
| 650 | 0 |
_aToys _vFiction. |
|
| 650 | 0 |
_aChildren's stories, French _vTranslations into Spanish. |
|
| 650 | 0 |
_aToy and movable books _vSpecimens. |
|
| 650 | 0 |
_aSpanish language materials _vJuvenile fiction. |
|
| 655 | 7 |
_aPicture books. _2lcgft. |
|
| 700 | 1 | _aVarley, Susan. | |
| 700 | 1 | 2 |
_aBourgoing, Pascale de. _tMes jouets preferes _lSpanish. |
| 830 | 0 |
_aA traves de la ventana ; _v4. |
|
| 942 | _cBK | ||
| 999 |
_c28342 _d28342 |
||